LIBRARY & INFORMATION CENTRE, KCAET, TAVANUR

ONLINE PUBLIC ACCESS CATALOGUE (OPAC)

Advanced electrical technology / (Record no. 10554)

MARC details
000 -LEADER
fixed length control field 00479cam a2200193ua 4500
041 ## - LANGUAGE CODE
Language code of text/sound track or separate title eng
082 ## - DEWEY DECIMAL CLASSIFICATION NUMBER
Classification number 621.3
Item number COT/AD
100 ## - MAIN ENTRY--AUTHOR NAME
Personal name Cotton, H .
245 ## - TITLE STATEMENT
Title Advanced electrical technology /
250 ## - EDITION STATEMENT
Edition statement 1 /
260 ## - PUBLICATION, DISTRIBUTION, ETC. (IMPRINT)
Place of publication New Delhi :
Name of publisher A.H.Wheeler & Co.Ltd. ,
Year of publication 1983.
300 ## - PHYSICAL DESCRIPTION
Number of Pages 1293 :
Other physical details 506 ; .
942 ## - ADDED ENTRY ELEMENTS (KOHA)
Koha item type Books
Holdings
Withdrawn status Lost status Damaged status Home library Current library Date acquired Full call number Accession Number Koha item type
      KAUAET KAUAET 07/04/2012 621.3 14701 Books
      KAUAET KAUAET 07/04/2012 621.3 3335 Books
free website counter